Missing Word: Actors Named Michael Quiz Stats

Quiz Updated Sep 22, 2017

Challenge
Share
Tweet
Embed
Score 0/30 Timer 04:00
0 Plays Today
% Correct
Years
97.7%
Fatal
95%
Nothing
94.7%
Batman
94.2%
Basic
93.3%
Inglourious
92.6%
Knight
90.4%
Cider
88.3%
Stone
87.5%
Secret
78.6%
Pilgrim
78.1%
Hannah
77.2%
Steel
70.3%
LEGO
70%
X-Men
67%
% Correct
Wall
63.9%
President
63.4%
End
63.4%
Birdman
56.6%
Get
51%
Infinite
50.2%
Mom
49.7%
Revolutionary
48.7%
Jobs
43.6%
Jackie
39.7%
Animals
39.3%
Alien
37.8%
Midnight
27.9%
Youth
23%
Shelter
9.3%

Today's Daily Dose

You're not logged in!

Compare scores with friends on all Sporcle quizzes.
Sign Up with Email
OR
Log In

You Might Also Like...

Show Comments

Extras

Top Quizzes Today


Score Distribution

Your Account Isn't Verified!

In order to create a playlist on Sporcle, you need to verify the email address you used during registration. Go to your Sporcle Settings to finish the process.